00297nam a2200109 a 4500008004100000020001500041050001600056100001600072245005100088260003900139350000900178120416s1991 ||||||||||||||||| || u a8170244021 aHF 5635 Sah aSahaf, M. A10aManagement accounting: principles and practice aNew DelhibAshish Publishersc1991 a0.00